000 00246nam a22001217a 4500
008 180927b xxu||||| |||| 00| 0 eng d
041 _aeng
080 _a575
100 _a5
101 _aBIO
245 _aMicroscope
_cJohnson
942 _2udc
_cBK
999 _c48597
_d48597